|
|
|
|
| LEADER |
00000nab a2200000 a 4500 |
| 001 |
vtls000279996 |
| 003 |
SK-MaSNL |
| 005 |
20260304143815.0 |
| 008 |
220423c1987 xo 0 cze |
| 015 |
|
|
|a SNBRA19rr/mm-uuuuu
|
| 035 |
|
|
|a CL0290114
|
| 040 |
|
|
|a SNKBUCL
|b slo
|c SNKBUCL
|e AACR2
|
| 041 |
0 |
|
|a cze
|
| 044 |
|
|
|a xo
|c SK
|
| 080 |
|
|
|a 002.66:61(437.1)
|2 1981
|
| 080 |
|
|
|a 61(437.1)
|2 1981
|
| 080 |
|
|
|a 024
|2 1981
|
| 080 |
|
|
|a 025.5
|2 1981
|
| 080 |
|
|
|a 023.5
|2 1981
|
| 080 |
|
|
|a 331.875
|2 1981
|
| 080 |
|
|
|a 61
|2 1981
|
| 100 |
1 |
|
|a Horejší, Jaroslav
|4 aut
|9 277634
|
| 245 |
1 |
0 |
|a Komplexní knihovnícko-informační systém Institutu klinické a experimentální medicíny v Praze a perspektívy jeho automatizace
|c Jaroslav Horejší, Irena Zemanová, Anna Stöcklová
|
| 300 |
|
|
|b TB. 2. Res. rus., angl.
|
| 650 |
0 |
7 |
|a Institut klinické a experimentální medicíny
|2 snkbucl
|9 1313408
|
| 650 |
0 |
7 |
|a informačné strediská
|2 snkbucl
|9 63914
|
| 650 |
0 |
7 |
|a knižničné služby
|2 snkbucl
|9 64475
|
| 650 |
0 |
7 |
|a služby informačné
|2 snkbucl
|9 884441
|
| 651 |
|
7 |
|a 3100
|2 snkbucl
|9 920766
|
| 655 |
|
7 |
|a články zo zborníkov
|2 snkbucl
|9 166140
|
| 655 |
|
7 |
|a články z odboru knihovníctvo
|2 snkbucl
|9 166141
|
| 700 |
1 |
|
|a Zemanová, Irena
|4 aut
|9 451258
|
| 700 |
1 |
|
|a Stöcklová, Anna
|4 aut
|9 920832
|
| 773 |
0 |
|
|t INFOS 87
|d Bratislava : ZSKI, 1987
|g S. 91-101
|
| 850 |
|
|
|a Slovenská národná knižnica v Martine
|a MTA001
|
| 852 |
|
|
|a SNK
|b KIS3GCP
|
| 958 |
|
|
|a RK
|
| 958 |
|
|
|a ME
|
| 958 |
|
|
|a KL
|
| 992 |
|
|
|a RZB
|
| 999 |
|
|
|c 2927721
|d 2929651
|